000 01075nam a2200277 4500
001 124048
003 ES-MaACL
005 20251219115819.0
007 t|
008 070214s1931 sp r ||||1| spa d
080 _a821.134.2-32"18"
100 1 _aRamón y Cajal, Santiago,
_d1852-1934
_9226468
245 1 1 _a¿Hombre artificial? :
_b[páginas pseudoliterarias - semi-científicas] /
_cpor Santiago Ramón y Cajal ; [portadas por Gazo ; ilustraciones de González-Bernal].
250 _a1ª ed.
260 _aZaragoza :
_bPublicaciones Goya,
_c1931 (
_fTall. Tip. del Heraldo de Aragón)
300 _a190 p. :
_bil. ;
_c18 cm.
490 1 _aColección aragonia ;
_v1
530 _aDisponible en formato digital.
700 1 _aGazo, Félix,
_d1899-1933
_9172562
700 1 _aGonzález Bernal, Juan José Luis.
_958453
830 1 _aColección aragonia ;
_v1
_9218986
852 _aES-MaACL
_jB-12619
_cSPB
856 4 _uhttp://bdh-rd.bne.es/viewer.vm?id=0000200555&page=1
_y(Biblioteca Digital Hispánica)
942 _2udc
999 _c124048
_d124048